| 000 | 01167cam a2200193 4500 | ||
|---|---|---|---|
| 001 | ##L133088 | ||
| 008 | 060410n2006 000 0 eng u | ||
| 035 | _a(Sirsi) u133088 | ||
| 041 | 0 | _aeng | |
| 050 | 0 | 4 | _a711.1 $2 18 |
| 110 | 1 |
_aUnited Kingdom _bOffice of the Deputy Prime Minister |
|
| 245 | 0 | 4 |
_aThe Office of the Deputy Prime Minister's sustainable development action plan _bsecuring the future: delivering UK sustainable development strategy |
| 260 |
_aLondon _bODPM _c2006 |
||
| 520 | _aHighlights ODPM's progress in implementing its commitment to sustainable development through its policies for creating sustainable communities. Describes the milestones which ODPM will pass during the next year in delivering its contribution to "Securing the future", the UK's sustainable development strategy. Covers sustainable development in ODPM's policy and delivery and also its operations and management. | ||
| 590 | _aIKA110406 | ||
| 690 | _aENVIRONMENTAL AND LAND CONSULTANCY-SUSTAINABILITY-SUSTAINABLE DEVELOPMENT | ||
| 856 | 4 | 0 |
_uhttps://www.communities.gov.uk/index.asp?id=1164438 _zView the action plan free of charge at www.dclg.gov.uk... |
| 942 | _n0 | ||
| 999 |
_c105324 _d105324 |
||